000
00313nam a2200121Ia 4500
008
220204s9999 xx 000 0 und d
082
_a
581.1
_b
MAL
100
_a
C P
245
0
_a
Advances in plant reproductive physiology
260
_a
New Delhi
_b
Kalyani
_c
1978
650
_a
Reproductive physiology
942
_c
BK
999
_c
28652
_d
28652